000 00597nam a2200205Ia 4500
008 131103s9999 xx 000 0 und d
020 _cRs.12.50
040 _aLoreto College
041 _aEnglish
082 _a371.42/KOC
_bLCBED/8643
100 _aKochhar, S.K.
245 _aEducational and vocational guidance in secondary schools
_cS.K. Kochhar
260 _aDelhi
_bSterling Publishers
_c1976
300 _a30p.
_c 22cm.
504 _aIncludes bibliography and index
650 _aStudent Guidance and Counseling
651 _aGuidance
850 _aLCBED/371.42/KOC
942 _cBK
999 _c25982
_d76461